000 00495cam a2200205 4500
001 J1437
008 090401t1993 xxu||||| |||| 00| 0 eng d
035 _a(Sirsi) u43458
041 _aeng
050 _a333.33709421
110 _aSavills
_92020
245 _aLondon office market overview. - March 1993
260 _aLondon
_bSavills
_c1993
300 _a10p. ; 30cm.
350 _a0
650 _aOFFICES
690 _aPROPERTY-COMMERCIAL PROPERTY
942 _n0
948 _c04/03/1997
999 _c91329
_d91329